[Event "Forni di Sopra op 14th"]
[Site "Forni di Sopra"]
[Date "2023.06.10"]
[Round "1"]
[White "Bulmaga, Irina"]
[Black "Hewson, Brian Wr"]
[Result "1-0"]
[WhiteElo "2424"]
[BlackElo "2029"]
[PlyCount "121"]
[EventDate "2023.06.10"]
[EventType "swiss"]
[EventRounds "9"]
[EventCountry "ITA"]
[SourceTitle "CBM 214 Extra"]
[Source "ChessBase"]
[SourceDate "2023.07.31"]
[SourceVersion "1"]
[SourceVersionDate "2023.07.31"]
[SourceQuality "1"]

1. e4 c6 2. d4 d5 3. e5 Bf5 4. Nf3 e6 5. Be2 c5 6. Be3 Qb6 7. Nc3 c4 8. Rb1 a6 9. 0-0 Qc7 10. Nh4 Ne7 11. g4 Bg6 12. f4 Be4 13. f5 Nd7 14. Bf3 Qc6 15. Qe2 Bxf3 16. Qxf3 0-0-0 17. fxe6 fxe6 18. Ne2 Nb6 19. Qf7 Re8 20. c3 Qd7 21. Qf3 Nc6 22. Qh3 Be7 23. Rf7 Rhg8 24. Ng2 Nd8 25. Rf2 h6 26. Rbf1 Ref8 27. Ngf4 Qe8 28. Ng3 Bg5 29. Ngh5 Nd7 30. Ng3 Rf7 31. Nge2 Rgf8 32. Qh5 Rg8 33. Ng2 Bxe3 34. Nxe3 Rxf2 35. Rxf2 Qxh5 36. gxh5 Rf8 37. Nf4 b5 38. Kg2 Rf7 39. Kg3 Nb6 40. Neg2 Kd7 41. Nh4 Ke8 42. Kf3 Nd7 43. Ke3 Nf8 44. b3 Rc7 45. Kd2 Nh7 46. Nf3 Rf7 47. Ke3 Rc7 48. bxc4 Rxc4 49. Kd3 Rc7 50. a4 Rf7 51. Ke3 Rc7 52. axb5 axb5 53. Rb2 Rxc3+ 54. Nd3 Rc7 55. Rxb5 Rb7 56. Ra5 Nf8 57. Nc5 Rf7 58. Ra8 Rc7 59. Nh4 Ke7 60. Ng6+ Nxg6 61. hxg6 1-0

[Event "Guernsey op 46th"]
[Site "St James"]
[Date "2022.10.16"]
[Round "1"]
[White "Hewson, Brian Wr"]
[Black "Kirk, Matthew"]
[Result "1/2-1/2"]
[WhiteElo "2028"]
[BlackElo "1738"]
[PlyCount "105"]
[EventDate "2022.10.16"]
[EventType "swiss"]
[EventRounds "7"]
[EventCountry "GCI"]
[SourceTitle "EXT 2024"]
[Source "ChessBase"]
[SourceDate "2023.10.10"]
[SourceVersion "1"]
[SourceVersionDate "2023.10.10"]
[SourceQuality "1"]

1. d4 d5 2. Nf3 Nf6 3. c4 c6 4. Nc3 e6 5. e3 Nbd7 6. Bd3 dxc4 7. Bxc4 b5 8. Bd3 a6 9. 0-0 Bb7 10. Qe2 c5 11. Rd1 b4 12. Na4 cxd4 13. exd4 Qa5 14. b3 Bd6 15. Nb2 Qh5 16. Nc4 Bc7 17. Nfe5 Qxe2 18. Bxe2 0-0 19. Bd2 a5 20. Rac1 Rfc8 21. f3 Nb6 22. Be1 Nfd5 23. Nxb6 Bxb6 24. Nc4 Bc7 25. g3 Ba6 26. Kf2 f6 27. f4 g5 28. fxg5 fxg5 29. Bd2 Rf8+ 30. Kg1 h6 31. Bg4 Rae8 32. Re1 Rf6 33. Rf1 Ref8 34. Rxf6 Rxf6 35. Re1 Kf7 36. Ne5+ Ke7 37. Be2 Bxe2 38. Rxe2 Bxe5 39. dxe5 Rf8 40. Be1 Nc3 41. Rc2 Rc8 42. Bf2 Rd8 43. Bc5+ Kf7 44. Bd6 Nb5 45. Rf2+ Kg7 46. Bc5 Rd5 47. Bb6 Nc3 48. Bc7 Ne4 49. Rc2 Nc3 50. Kg2 Rc5 51. Bd6 Rd5 52. Bc7 Rc5 53. Bd6 1/2-1/2

[Event "WchT Seniors 65"]
[Site "Rhodes"]
[Date "2019.04.20"]
[Round "5.5"]
[White "Hewson, Brian Wr"]
[Black "Buchal, Stephan"]
[Result "1/2-1/2"]
[WhiteElo "2004"]
[BlackElo "2283"]
[PlyCount "46"]
[EventDate "2019.04.16"]
[EventType "team-swiss"]
[EventRounds "9"]
[EventCountry "GRE"]
[SourceTitle "CBM 190 Extra"]
[Source "ChessBase"]
[SourceDate "2019.07.15"]
[SourceVersion "1"]
[SourceVersionDate "2019.07.15"]
[SourceQuality "1"]
[WhiteTeam "England II"]
[BlackTeam "Germany"]
[WhiteTeamCountry "ENG"]
[BlackTeamCountry "GER"]

1. d4 d6 2. Nf3 g6 3. g3 Bg7 4. Bg2 Nf6 5. 0-0 0-0 6. c4 Nc6 7. Nc3 a6 8. a4 a5 9. d5 Nb4 10. Nd4 e5 11. dxe6 fxe6 12. h3 c6 13. e4 e5 14. Nc2 Be6 15. b3 Qc7 16. Ba3 Nxc2 17. Qxc2 Nd7 18. Rad1 Nc5 19. Bxc5 dxc5 20. Rd3 Rf7 21. Rfd1 Raf8 22. f3 Bh6 23. Kh2 Qc8 1/2-1/2

[Event "Gibraltar Masters 17th"]
[Site "Caleta"]
[Date "2019.01.26"]
[Round "5"]
[White "Vila Dupla, Aurelio"]
[Black "Hewson, Brian Wr"]
[Result "1-0"]
[WhiteElo "2166"]
[BlackElo "2006"]
[PlyCount "81"]
[EventDate "2019.01.22"]
[EventType "swiss"]
[EventRounds "10"]
[EventCountry "GGB"]
[SourceTitle "CBM 188 Extra"]
[Source "ChessBase"]
[SourceDate "2019.02.26"]
[SourceVersion "1"]
[SourceVersionDate "2019.02.26"]
[SourceQuality "1"]

1. Nf3 d5 2. d4 Nf6 3. c4 e6 4. Bg5 Be7 5. e3 Nbd7 6. Nc3 c6 7. cxd5 exd5 8. Qc2 h6 9. Bh4 Nh5 10. Bxe7 Qxe7 11. 0-0-0 Nhf6 12. Bd3 0-0 13. Rhg1 Re8 14. h3 Ne4 15. Kb1 Nf8 16. Bxe4 dxe4 17. Nd2 Nh7 18. Ka1 Bf5 19. f4 Bg6 20. g4 f5 21. Nc4 Bf7 22. Ne5 Be6 23. Rg3 Qd6 24. Rdg1 Re7 25. Qg2 Qc7 26. Qe2 Rd8 27. gxf5 Bd5 28. Qh5 Rd6 29. Rg6 Rxg6 30. Rxg6 Nf8 31. Rg1 Qd6 32. Ng4 Kh7 33. f6 Rc7 34. fxg7 Rxg7 35. Qf5+ Kh8 36. Nxd5 cxd5 37. Rc1 Nh7 38. Rc8+ Rg8 39. Ne5 Qb4 40. Rxg8+ Kxg8 41. Qg6+ 1-0

[Event "Gibraltar Masters 17th"]
[Site "Caleta"]
[Date "2019.01.25"]
[Round "4"]
[White "Hewson, Brian Wr"]
[Black "Shvayger, Yuliya"]
[Result "0-1"]
[WhiteElo "2006"]
[BlackElo "2387"]
[PlyCount "122"]
[EventDate "2019.01.22"]
[EventType "swiss"]
[EventRounds "10"]
[EventCountry "GGB"]
[SourceTitle "CBM 188 Extra"]
[Source "ChessBase"]
[SourceDate "2019.02.26"]
[SourceVersion "1"]
[SourceVersionDate "2019.02.26"]
[SourceQuality "1"]

1. d4 Nf6 2. c4 g6 3. Nf3 Bg7 4. g3 0-0 5. Bg2 d6 6. Nc3 Nbd7 7. 0-0 e5 8. e4 Re8 9. Re1 exd4 10. Nxd4 Nc5 11. Nb3 Nxb3 12. axb3 Bg4 13. f3 Be6 14. Be3 a5 15. Qd2 Nd7 16. f4 Nc5 17. Ra3 c6 18. Rd1 Bg4 19. Re1 Bxc3 20. Qxc3 Nxe4 21. Bxe4 Rxe4 22. Bd4 Rxe1+ 23. Qxe1 c5 24. Bc3 b6 25. Qd2 Be6 26. Ra1 d5 27. f5 Bxf5 28. cxd5 Qd6 29. Re1 f6 30. Qe2 Qxd5 31. Bxf6 Rf8 32. Qe7 Qf7 33. Qxf7+ Kxf7 34. Bg5 Bh3 35. Re4 Kg7 36. Rf4 Re8 37. Kf2 Bf5 38. Rf3 h6 39. Bf4 Re7 40. Re3 Rd7 41. Kf3 g5 42. Be5+ Kg6 43. Bc3 Rf7 44. g4 Bc2+ 45. Kg3 Rb7 46. Re6+ Kh7 47. Bf6 Bxb3 48. Re7+ Rxe7 49. Bxe7 a4 50. h4 Kg6 51. hxg5 hxg5 52. Bd8 b5 53. Be7 c4 54. Bb4 Kf7 55. Bd2 Kf6 56. Kh3 Ke5 57. Bxg5 Kd4 58. Be7 Kd3 59. g5 Kc2 60. g6 Kxb2 61. Bh4 Bc2 0-1

[Event "Wch Seniors 65 28th"]
[Site "Bled"]
[Date "2018.11.28"]
[Round "10"]
[White "Hewson, Brian Wr"]
[Black "James, Kevin"]
[Result "1/2-1/2"]
[WhiteElo "2000"]
[BlackElo "1929"]
[PlyCount "28"]
[EventDate "2018.11.18"]
[EventType "swiss"]
[EventRounds "11"]
[EventCountry "SLO"]
[SourceTitle "CBM 187 Extra"]
[Source "ChessBase"]
[SourceDate "2018.11.04"]
[SourceVersion "1"]
[SourceVersionDate "2018.11.04"]
[SourceQuality "1"]

1. d4 c5 2. d5 g6 3. e4 Bg7 4. h3 d6 5. c4 e6 6. Nc3 Bxc3+ 7. bxc3 e5 8. Bd3 Qa5 9. Ne2 Nd7 10. Qb3 Nb6 11. g4 Bd7 12. f4 f6 13. Rb1 0-0-0 14. Be3 Rf8 1/2-1/2

[Event "Wch Seniors 65 28th"]
[Site "Bled"]
[Date "2018.11.18"]
[Round "1"]
[White "Hewson, Brian Wr"]
[Black "Jansa, Vlastimil"]
[Result "0-1"]
[WhiteElo "2000"]
[BlackElo "2437"]
[PlyCount "56"]
[EventDate "2018.11.18"]
[EventType "swiss"]
[EventRounds "11"]
[EventCountry "SLO"]
[SourceTitle "CBM 187 Extra"]
[Source "ChessBase"]
[SourceDate "2018.11.04"]
[SourceVersion "1"]
[SourceVersionDate "2018.11.04"]
[SourceQuality "1"]

1. d4 Nf6 2. Nf3 g6 3. g3 Bg7 4. Bg2 d5 5. c4 dxc4 6. 0-0 0-0 7. Na3 Nc6 8. Nxc4 Be6 9. Nce5 Nxe5 10. Nxe5 c6 11. e4 Qb6 12. Qa4 a5 13. Nd3 Rfd8 14. Nc5 Bc8 15. Qc4 Qb4 16. Qxb4 axb4 17. Be3 Ng4 18. Rfd1 b6 19. Nb3 Be6 20. d5 Nxe3 21. fxe3 Bg4 22. Rd2 c5 23. h3 Bd7 24. Bf1 Be5 25. Kg2 Rdc8 26. Rc2 Ra7 27. Nd2 Ba4 28. Nc4 Bxc2 0-1